Quizzes
Events
Quiz Creation
Community
Videos
Private Events
Remove Ads
Sign In
Join for FREE
Feedback
Dark Mode
Quiz Categories
Sports
Geography
Music
Movies
Television
Just For Fun
Miscellaneous
History
Literature
Language
Science
Gaming
Entertainment
Religion
Holiday
For Kids
Quiz Lab
Recent
Popular Today
Quiz Kudos Today
Editor Picks
Curator Picks
Quizzes by...
Day
Popularity
Type
Ratings
Length
Year
Community
Subscriptions
Recent Discussions
Orange Saloon
Badges
Playlists
Quests
Create
Leaderboards
Showdown
Live 5
Trivia Bingo
Activity
Puzzle Library
Sporcle Events
Private Events
Virtual Trivia
Globe League
Become a Host
Pub Owners
SporcleCon
Opinionation
Our Games
Videos
Blog
Mobile Apps
Partnerships
Remove Ads and Go Orange
Feedback
Gaming
Video Games
Board Games
Card Games
Pokémon
Mario
Nintendo
Minecraft
Console
Toys
Legend of Zelda
Gaming
Video Games
Board Games
Card Games
Pokémon
Mario
Nintendo
Minecraft
Console
Toys
Legend of Zelda
Random Quiz
Search Sporcle
×
Quiz Lab
Quiz Lab
Gaming
War
Type in answers that appear in a list
Type in answers that appear in a list
Classic
Best Score? Go Orange.
LEGO Star Wars Complete Saga Characters Stats
Can you name the unlockable characters from The Complete Saga?
By
chewbacca22
15m
126 Questions
908 Plays
908 Plays
908 Plays
Comments
Comments
Give Quiz Kudos
Give Quiz Kudos
-
- Ratings
hide this ad
Replay
Link that replays current quiz
Next Quiz
Link to next quiz in quiz playlist
You Got
0%
They Got
Avg Score
17%
Avg Friend Score
Upgrade to see
Score Distribution
Jump to the score distribution portion of the page
Score
0/126
Timer
15:00
0
Plays Today
Character
% Correct
Obi-Wan Kenobi
71.7%
Qui-Gon Jinn
60.4%
Darth Vader
56.6%
Yoda
53.4%
Han Solo
53.4%
R2-D2
52.6%
Padme
51.7%
Jar Jar Binks
47.7%
Darth Maul
45.6%
Boba Fett
42%
Chewbacca
41.9%
Mace Windu
40.1%
Jango Fett
39.5%
Princess Leia
37.3%
Stormtrooper
36.8%
Count Dooku
35.4%
The Emperor
33.8%
Battle Droid
32.8%
Clone
32.7%
General Grievous
29.6%
Queen Amidala
29.2%
Chancellor Palpatine
28.9%
TC-14
28.7%
Captain Panaka
28%
Ben Kenobi
27%
Kit Fisto
27%
C-3P0
26.4%
Droideka
23.5%
Commander Cody
23.2%
Lando Calrissian
22.2%
Super Battle Droid
22.1%
Greedo
21.3%
Ki-Adi Mundi
20.4%
Watto
20.2%
Plo Koon
20.2%
Ewok
19.8%
IG-88
19.5%
Snowtrooper
19.3%
Anakin Skywalker (Boy)
19.2%
Bossk
18.9%
Wicket
18.7%
Boss Nass
18.1%
Character
% Correct
Wookie
17.6%
Jawa
17.3%
Gonk Droid
17.2%
Shaak Ti
17.1%
Sandtrooper
16.7%
Dengar
16.5%
Anakin Skywalker (Padawan)
16.3%
Aayla Secura
16.3%
Luminara
16.1%
R4-P17
15.9%
Anakin Skywalker (Jedi)
15.6%
Grand Moff Tarkin
15.2%
4-LOM
14.8%
Tusken Raider
14.3%
Captain Antilles
14%
Rebel Trooper
14%
Indiana Jones
14%
Geonosian
13.9%
Royal Guard
13.9%
Bib Fortuna
13.8%
13.2%
Luke Skywalker (Jedi)
13.1%
Admiral Ackbar
13%
Imperial Guard
12.6%
Yoda (Ghost)
12.2%
Han Solo (Hoth)
11.9%
Zam Wesell
11.9%
TIE Fighter Pilot
11.9%
Obi-Wan Kenobi (Jedi Master)
11.8%
Beach Trooper
11.8%
Obi-Wan Kenobi (Episode III)
11.6%
Anakin Skywalker (Ghost)
11.5%
Imperial Officer
10.8%
Pit Droid
10.7%
Lama Su
10.6%
Lobot
10.5%
Ben Kenobi (Ghost)
10.4%
Boba Fett (Boy)
10.2%
Padme (Battle)
10.1%
Taun We
10.1%
Grievous' Body Guard
10.1%
Luke Skywalker (Hoth)
10.1%
Character
% Correct
Padme (Geonosis)
10%
Luke Skywalker (Endor)
9.8%
Han Solo (Endor)
9.8%
Captain Tarpals
9.7%
Battle Droid (Commander)
9.7%
Gamorrean Guard
9.7%
Princess Leia (Endor)
9.6%
Padme (Clawed)
9.5%
Princess Leia (Hoth)
9.3%
Rebel Pilot
9%
PK Droid
8.8%
Battle Droid (Security)
8.7%
R2-Q5
8.5%
Luke Skywalker (Stormtrooper)
8.4%
Han Solo (Stormtrooper)
8%
Luke Skywalker (Pilot)
7.8%
Luke Skywalker (Dagobah)
7.7%
Skiff Guard
7.7%
Luke Skywalker (Bespin)
7.6%
Princess Leia (Slave)
7.6%
Clone (Episode III)
7.6%
Imperial Spy
7.3%
Mace Windu (Episode III)
7.2%
Palace Guard
7.2%
Princess Leia (Bespin)
7%
Dexter Jettster
6.7%
Ugnaught
6.7%
Death Star Trooper
6.7%
Battle Droid (Geonosis)
6.6%
Han Solo (Skiff)
6.4%
Bespin Guard
5.5%
Disguised Clone
5.3%
Han Solo (Hood)
4.8%
Rebel Trooper (Hoth)
4.7%
Imperial Shuttle Pilot
4.7%
Princess Leia (Prisoner)
4.1%
Clone (Episode III, Swamp)
3.9%
Princess Leia (Boushh)
3.7%
Clone (Episode III,Pilot)
3.7%
Clone (Episode III, Walker)
3.7%
Lando (Palace Guard)
3.4%
Luke Skywalker (Tatoojne)
2.4%
Quiz Playlist
Details
Report
Send in Message
Add To Playlist
Classic:
Type in answers that appear in a list
Last Updated: Feb 16, 2017
Quiz Scoreboard
CHALLENGE
Sign Up to Join the Scoreboard
Show All
Scores
Hide
Comments
May contain spoilers
Recently Published
Billboard Blitz: Fleetwood Mac
by CooCooCachoo
Music
15s
Presidents Visiting Landmarks
by Hejman
History
7m
An Introduction to Baseball
by treessimontrees
Sports
5m
More to Explore
Quiz From the Vault
Featured Blog Post
Where Did the Easter Bunny Come From?
hide this ad
You Might Also Like...
Tags
War Quiz
Character
complete
lego
saga
star
Unlockable
Today's Top Quizzes in Gaming
Browse Gaming
hide this ad
Today's Top Quizzes in War
Browse War
Top Contributed Quizzes in Gaming
1
5-to-1: Consoles
2
7-to-1: Board Game Piece Blitz
3
5-to-1: Legend of Zelda
4
Destiny 2 exotic weapons by perk icons
5
League of Legends Pro Players by Career/Team History
6
Ultimate Genshin Impact Logic Puzzle (up to 4.3)
7
Franchise by Action Figure
8
Genshin Impact Logic Puzzle Quiz
9
Who's on the WWE 2K24 Cover?
10
Overwatch Logic Puzzle
Explore More
Trending Topics
Crossword
Marvel
Anime
NBA
Kpop
Disney
Harry Potter
Country
WWE
Pokémon
The Office
NFL
Soccer
Puzzle
Song
hide this ad
More By:
chewbacca22
Quiz
Plays
Rating
Category
Featured
Created
Call of Duty Zombies Trivia
2,211
2.00
Gaming
Mar 27, 2011
Can You Name This 1 Black Ops
1,976
2.13
Just For Fun
Mar 2, 2011
Black Ops Zombies Maps
1,552
2.00
Gaming
Jan 16, 2011
Jurassic Park 3 Characters
1,028
2.13
Movies
Jul 19, 2010
Spongebob Episodes Seasons 1-7
1,006
3.71
Television
Oct 22, 2011
Go to Creator's Profile
Score Distribution
Quiz Creator Spotlight
chewbacca22
Follow
Send a Message
Quizzes Created
-
Created Quiz Play Count
-
More By This Creator
Popular Quizzes Today
1
Find the US States - No Outlines Minefield
2
Find the Countries of Europe - No Outlines Minefield
3
The Countries of the World
4
Find the US States
5
US States
6
Risky Map Clicking: Biggest States A-Z
7
Popular People in 1961
8
Movies - When Are They Set?
More Gaming Quizzes
Starbucks or Pokémon?
Editor's Pick
Trending Quizzes
Risky Map Clicking: Least Populous States A-Z
1-10 Letter G Words
1-10 Letter F Words
Risky Map Clicking: Next State Alphabetically
Risky Map Clicking: Biggest States A-Z
Recently Updated
Leaping Animals
pecheneg
Reality TV Shows (A-Z)
bhenderson79
Rickey Henderson's Hall of Fame Teammates
pecheneg
Champions League XIs: Arsenal
pecheneg
Quick Pick: Celebrities in WWE's Hall of Fame
aduchscher
A-Z Keypad Blitz II
pecheneg
Multiple Oscar Actors
pecheneg
Mystery Phrase Blitz: Oscar 'Best Actors'
pecheneg
F. Scott Fitzgerald Novels
LTH
Pick 3 Villains
ddd62291
Trending Topics
NBA
Anime
Kpop
Disney
Crossword
Harry Potter
Marvel
The Office
Country
Puzzle
Pokémon
NFL
Song
Soccer
WWE
Your Account Isn't Verified!
In order to create a playlist on Sporcle, you need to verify the email address you used during registration. Go to your
Sporcle Settings
to finish the process.
Report this User
Report this user for behavior that violates our
Community Guidelines
.
Details:
Send Report
Go to the Sporcle.com Mobile Site →
Comments